| 000 | 00825nam a22002057a 4500 | ||
|---|---|---|---|
| 999 |
_c17324 _d17324 |
||
| 003 | AR-CdUCM | ||
| 008 | 190508b ||||| |||| 00| 0 spa d | ||
| 040 |
_aMUNICIPALIDAD PROVINCIAL DEL CUSCO _cBIBLIOTECA MUNICIPAL DEL CUSCO |
||
| 082 |
_a386.44 / _bM96 |
||
| 100 |
_aMuñoz Pinzon. _937276 |
||
| 245 |
_aEl canal de Panamá : _bOrigen, trauma nacional y destino / |
||
| 260 |
_aMéxico : _bGrijalbo, _c1976. |
||
| 300 |
_a163 páginas ; _c19 cm. |
||
| 440 |
_aColección 70. _n146. _937277 |
||
| 505 | _aContenido :Grandeza y desventura del 3 de noviembre de 1903 -- La soberanía de la república de Panamá -- La cuestión canalera -- El desenclave geográfico de la república de Panamá ... | ||
| 650 |
_aCanadá. _937278 |
||
| 650 |
_aCanales de Canadá. _937279 |
||
| 942 |
_2ddc _cLIBROS |
||
| 945 |
_arum _d2019-05-08 |
||